[Event "CAN/QC op"]
[Site "Montreal CAN"]
[Date "2002.07.18"]
[Round "7"]
[White "Arsenault, Nicolas"]
[Black "Roy, Guy"]
[Result "1-0"]
[WhiteElo "1982"]
[BlackElo "2138"]
[PlyCount "57"]
[EventDate "2002.07.13"]
[EventType "swiss"]
[EventRounds "9"]
[EventCountry "CAN"]

1. e4 d5 2. exd5 Nf6 3. d4 Nxd5 4. c4 Nb6 5. c5 Nd5 6. Bc4 c6 7. Ne2 e5 8. O-O
Be7 9. dxe5 Bxc5 10. Nf4 O-O 11. Nxd5 cxd5 12. Bxd5 Qe7 13. Qf3 Nc6 14. Bxc6
bxc6 15. Be3 Qxe5 16. Bxc5 Qxc5 17. Nc3 Be6 18. h3 Rab8 19. b3 Rb4 20. Rac1 Qg5
21. Qg3 Qf5 22. Rfd1 h5 23. Rd2 h4 24. Qe3 Qg6 25. Rd6 Qf5 26. Rxc6 Rd8 27. Rc5
Qh7 28. Nd5 Re4 29. Qg5 1-0

[Event "CAN/QC op"]
[Site "Montreal CAN"]
[Date "2002.07.18"]
[Round "7"]
[White "Benen, Samson"]
[Black "Seguin, Rene"]
[Result "1/2-1/2"]
[WhiteElo "2256"]
[BlackElo "1997"]
[PlyCount "77"]
[EventDate "2002.07.13"]
[EventType "swiss"]
[EventRounds "9"]
[EventCountry "CAN"]

1. c4 Nf6 2. d4 e6 3. Nf3 d5 4. g3 c6 5. Qc2 Nbd7 6. Bg2 Bd6 7. O-O O-O 8. Bf4
Qc7 9. Bxd6 Qxd6 10. Nbd2 e5 11. cxd5 cxd5 12. Nxe5 Nxe5 13. dxe5 Qxe5 14. Nf3
Qe7 15. Nd4 Bg4 16. Rac1 Rac8 17. Qb3 Qe5 18. e3 Rxc1 19. Rxc1 Rc8 20. Rxc8+
Bxc8 21. Qc3 Bd7 22. Qa5 a6 23. Qb6 Qb8 24. Nb3 Qc8 25. Nc5 Bc6 26. Qb4 h6 27.
Qc3 Qf5 28. Qd3 Ne4 29. Nxe4 dxe4 30. Qd8+ Kh7 31. Qd1 Qd5 32. Qxd5 Bxd5 33.
Kf1 Kg6 34. Ke1 Kf5 35. a3 g5 36. Kd2 Ke5 37. Kc3 a5 38. Bf1 Be6 39. Be2
1/2-1/2

[Event "CAN/QC op"]
[Site "Montreal CAN"]
[Date "2002.07.18"]
[Round "7"]
[White "Bergeron, Pascal"]
[Black "Ochkoos, Jura"]
[Result "0-1"]
[WhiteElo "2129"]
[BlackElo "2251"]
[PlyCount "108"]
[EventDate "2002.07.13"]
[EventType "swiss"]
[EventRounds "9"]
[EventCountry "CAN"]

1. e4 e5 2. Nf3 Nf6 3. Nxe5 d6 4. Nf3 Nxe4 5. Qe2 Qe7 6. d3 Nc5 7. Nc3 Qxe2+ 8.
Bxe2 Be7 9. Nd5 Bd8 10. Bg5 f6 11. Bf4 Nbd7 12. c4 Nb6 13. Nc3 Ne6 14. Be3 Bd7
15. d4 Na4 16. Nxa4 Bxa4 17. Bd3 Bd7 18. b4 c6 19. O-O d5 20. a4 Kf7 21. b5 g6
22. Bd2 Bc7 23. Rfe1 Rhe8 24. Rac1 Rac8 25. g3 Bb6 26. c5 Bc7 27. Rb1 b6 28.
Rec1 Bd8 29. Bb4 Be7 30. bxc6 Bxc6 31. Ba6 Rc7 32. cxb6 axb6 33. Bxe7 Rexe7 34.
Bb5 Bxb5 35. axb5 Rxc1+ 36. Rxc1 Rc7 37. Ra1 g5 38. h3 h5 39. Ra6 g4 40. hxg4
hxg4 41. Nh2 f5 42. Rxb6 Nxd4 43. Rd6 Rc5 44. b6 Rb5 45. Kg2 Ke7 46. Rh6 Ne6
47. b7 Nc5 48. f3 Rb2+ 49. Kf1 gxf3 50. Nxf3 Nxb7 51. Rh7+ Kd6 52. Rf7 Ke6 53.
Ng5+ Ke5 54. Re7+ Kf6 0-1

[Event "CAN/QC op"]
[Site "Montreal CAN"]
[Date "2002.07.18"]
[Round "7"]
[White "Brodie, Hugh"]
[Black "Lawson, Jonathan"]
[Result "1-0"]
[WhiteElo "1902"]
[BlackElo "1622"]
[PlyCount "101"]
[EventDate "2002.07.13"]
[EventType "swiss"]
[EventRounds "9"]
[EventCountry "CAN"]

1. e4 e5 2. Nc3 Bc5 3. Bc4 Nc6 4. Qg4 g6 5. Qg3 d6 6. d3 Be6 7. Nd5 h6 8. c3
Qd7 9. Ne2 O-O-O 10. b4 Bb6 11. a4 a5 12. Nxb6+ cxb6 13. Be3 Bxc4 14. dxc4 Qc7
15. f3 axb4 16. Qf2 Rf8 17. Bxb6 Qe7 18. a5 bxc3 19. Nxc3 Nb4 20. O-O Kd7 21.
Nd5 Nxd5 22. cxd5 Rc8 23. a6 bxa6 24. Rxa6 Ke8 25. Ra7 Qg5 26. Qa2 Kf8 27. Qa3
Kg7 28. f4 exf4 29. Qxd6 Nf6 30. Bd4 f3 31. Bxf6+ Qxf6 32. Qxf6+ Kxf6 33. Rxf3+
Ke5 34. Re7+ Kd4 35. Rfxf7 Rc1+ 36. Kf2 Rc2+ 37. Kg3 Re2 38. d6 Rxe4 39. d7
Rxe7 40. Rxe7 Rd8 41. Rh7 h5 42. Kf4 Kd5 43. Kg5 Rg8 44. Rg7 Rd8 45. Kxg6 Kd6
46. Kxh5 Kc7 47. h4 Rh8+ 48. Kg5 Kd8 49. h5 Rf8 50. h6 Rf2 51. g4 1-0

[Event "CAN/QC op"]
[Site "Montreal CAN"]
[Date "2002.07.18"]
[Round "7"]
[White "Burnett, Ronald"]
[Black "Legky, Nikolay"]
[Result "1/2-1/2"]
[WhiteElo "2404"]
[BlackElo "2465"]
[PlyCount "107"]
[EventDate "2002.07.13"]
[EventType "swiss"]
[EventRounds "9"]
[EventCountry "CAN"]

1. c4 e6 2. d4 d5 3. Nf3 Nf6 4. Nc3 Be7 5. Bg5 Nbd7 6. Qc2 h6 7. Bh4 O-O 8. e3
c6 9. Bd3 Re8 10. O-O b6 11. cxd5 exd5 12. Bf5 Nf8 13. Ne5 Bxf5 14. Qxf5 Qc8
15. Qf3 Qe6 16. Rac1 Rac8 17. Qe2 Ne4 18. Bxe7 Rxe7 19. Nxe4 dxe4 20. Qc4 c5
21. f4 exf3 22. Rxf3 Rcc7 23. Qxe6 Nxe6 24. d5 Nf8 25. d6 Rxe5 26. dxc7 Re8 27.
b4 Rc8 28. bxc5 Rxc7 29. c6 Ne6 30. Rf2 Nc5 31. Rd2 Kf8 32. Rd8+ Ke7 33. Ra8
Kd6 34. Rg8 f6 35. h4 Kxc6 36. Kf2 Kd5 37. Kf3 Ke6 38. h5 Rd7 39. Rc4 Nd3 40.
Rcc8 Kf5 41. g4+ Kg5 42. Rgd8 Ne5+ 43. Kg3 Rxd8 44. Rxd8 Nxg4 45. Rd7 Nxe3 46.
Rxg7+ Kxh5 47. Rxa7 Kg5 48. Rb7 Nd5 49. Rd7 Nc3 50. a3 Kf5 51. Rd3 Ne4+ 52. Kf3
Ke5 53. Rd8 Nd6 54. Rh8 1/2-1/2

[Event "CAN/QC op"]
[Site "Montreal CAN"]
[Date "2002.07.18"]
[Round "7"]
[White "Buscar, Michael"]
[Black "Morin, Louis"]
[Result "1/2-1/2"]
[WhiteElo "2055"]
[BlackElo "1864"]
[PlyCount "59"]
[EventDate "2002.07.13"]
[EventType "swiss"]
[EventRounds "9"]
[EventCountry "CAN"]

1. d4 d5 2. c4 e6 3. cxd5 exd5 4. Nc3 c5 5. Nf3 Nc6 6. g3 Nf6 7. Bg2 Be7 8. O-O
O-O 9. Bg5 Be6 10. b3 h6 11. Bc1 Ne4 12. Bb2 Bf6 13. e3 Bg4 14. Ne2 cxd4 15.
Nexd4 Ne5 16. Rc1 Nxf3+ 17. Bxf3 Bxf3 18. Qxf3 Nd2 19. Qg4 Nxf1 20. Rxf1 Rc8
21. Ba3 Re8 22. Nf5 Qa5 23. Bb4 Qxa2 24. Nxh6+ Kh7 25. Nxf7 Qxb3 26. Qh5+ Kg8
27. Qg6 Qxb4 28. Nh6+ Kh8 29. Nf7+ Kg8 30. Nh6+ 1/2-1/2

[Event "CAN/QC op"]
[Site "Montreal CAN"]
[Date "2002.07.18"]
[Round "7"]
[White "Caceres Cortes, Julio"]
[Black "Chokshi, Manthan"]
[Result "1-0"]
[WhiteElo "2090"]
[BlackElo "2231"]
[PlyCount "85"]
[EventDate "2002.07.13"]
[EventType "swiss"]
[EventRounds "9"]
[EventCountry "CAN"]

1. e4 c5 2. Nf3 d6 3. d4 cxd4 4. Nxd4 Nf6 5. Nc3 a6 6. Bg5 e6 7. f4 Nc6 8. Nxc6
bxc6 9. e5 h6 10. Bh4 g5 11. fxg5 Nd5 12. Ne4 Qb6 13. Bd3 hxg5 14. Bxg5 dxe5
15. Nf6+ Nxf6 16. Bxf6 Rg8 17. Qf3 Bb7 18. O-O-O Qa5 19. Be4 Rc8 20. Rd3 Be7
21. Rhd1 Qc7 22. Bxe7 Qxe7 23. Rd7 Qxd7 24. Rxd7 Kxd7 25. Qxf7+ Kd6 26. Qxb7 a5
27. Qa6 Rgf8 28. Qxa5 Rcd8 29. Qb4+ Kc7 30. Qe7+ Kb6 31. b3 Rf1+ 32. Kb2 Rd4
33. Bd3 Rf2 34. Kc3 Rxg2 35. Qxe6 Rxh2 36. Qxe5 Rhh4 37. Qb8+ Kc5 38. Qe5+ Kb6
39. Qxd4+ Rxd4 40. Kxd4 c5+ 41. Kd5 c4 42. Bxc4 Ka5 43. c3 1-0

[Event "CAN/QC op"]
[Site "Montreal CAN"]
[Date "2002.07.18"]
[Round "7"]
[White "Davies, Lucas"]
[Black "Bolduc, Steve"]
[Result "0-1"]
[WhiteElo "1944"]
[BlackElo "2268"]
[PlyCount "80"]
[EventDate "2002.07.13"]
[EventType "swiss"]
[EventRounds "9"]
[EventCountry "CAN"]

1. e4 c5 2. Nc3 Nc6 3. g3 g6 4. Bg2 Bg7 5. d3 e6 6. Be3 d6 7. Qd2 h5 8. h4 Rb8
9. Nge2 Nd4 10. Nd1 e5 11. c3 Ne6 12. O-O Nf6 13. d4 Ng4 14. dxc5 dxc5 15.
Qxd8+ Kxd8 16. f3 Nxe3 17. Nxe3 Nc7 18. Rad1+ Ke7 19. Nd5+ Nxd5 20. Rxd5 b6 21.
f4 Be6 22. Rdd1 Rhd8 23. Kf2 a5 24. a3 Bb3 25. Rxd8 Rxd8 26. Ke3 Bc4 27. Bf3
Rd3+ 28. Kf2 Rd2 29. b4 exf4 30. gxf4 Bf6 31. Rh1 Bxc3 32. bxc5 bxc5 33. Rc1
Bd4+ 34. Ke1 Bxe2 35. Bxe2 Rb2 36. e5 Be3 37. Rc4 Bd4 38. a4 Ke6 39. Rc1 Kf5
40. Rc4 Kxf4 0-1

[Event "CAN/QC op"]
[Site "Montreal CAN"]
[Date "2002.07.18"]
[Round "7"]
[White "Fernandez, John"]
[Black "Plante, Michel"]
[Result "1/2-1/2"]
[WhiteElo "2133"]
[BlackElo "1947"]
[PlyCount "21"]
[EventDate "2002.07.13"]
[EventType "swiss"]
[EventRounds "9"]
[EventCountry "CAN"]

1. e4 e5 2. Nf3 d6 3. Bc4 Be7 4. O-O Nf6 5. d3 O-O 6. Bb3 c6 7. h3 Nbd7 8. c3
h6 9. Re1 Nc5 10. Bc2 Ne6 11. Nbd2 1/2-1/2

[Event "CAN/QC op"]
[Site "Montreal CAN"]
[Date "2002.07.18"]
[Round "7"]
[White "Fillion, Steve"]
[Black "Trottier, Yves"]
[Result "1-0"]
[WhiteElo "2122"]
[BlackElo "1949"]
[PlyCount "101"]
[EventDate "2002.07.13"]
[EventType "swiss"]
[EventRounds "9"]
[EventCountry "CAN"]

1. d4 d5 2. Nf3 Nf6 3. Bf4 e6 4. e3 c5 5. c3 Bd6 6. Bg3 Nc6 7. Nbd2 O-O 8. Bd3
Qe7 9. Ne5 Bxe5 10. dxe5 Nd7 11. Nf3 f6 12. exf6 Nxf6 13. Ne5 Nxe5 14. Bxe5 Nd7
15. Bg3 e5 16. O-O Nf6 17. c4 e4 18. Be2 Rd8 19. cxd5 Nxd5 20. Bc4 Be6 21. Qb3
Qf7 22. Rac1 Rac8 23. Rfd1 Nc7 24. Rxd8+ Rxd8 25. Bxc7 Bxc4 26. Rxc4 Qxc7 27.
Rxc5+ Qf7 28. Qxf7+ Kxf7 29. g4 Rd7 30. Rc4 Re7 31. Kg2 g5 32. h4 h6 33. Rc5
Kg6 34. h5+ Kg7 35. Kf1 Kh7 36. Ke2 Kg7 37. Rd5 Rc7 38. Kf1 Re7 39. Rf5 Re8 40.
Ke1 Re6 41. b4 Ra6 42. Ra5 Rxa5 43. bxa5 Kf6 44. Kd2 Ke5 45. Kc3 Kd5 46. Kb4
Kc6 47. Kc4 b6 48. axb6 Kxb6 49. Kd4 Kb5 50. Kxe4 Kb4 51. f4 1-0

[Event "CAN/QC op"]
[Site "Montreal CAN"]
[Date "2002.07.18"]
[Round "7"]
[White "Kret, Ted"]
[Black "Cuartas, Carlos"]
[Result "0-1"]
[WhiteElo "2159"]
[BlackElo "2343"]
[PlyCount "98"]
[EventDate "2002.07.13"]
[EventType "swiss"]
[EventRounds "9"]
[EventCountry "CAN"]

1. d4 Nf6 2. c4 g6 3. Nc3 Bg7 4. e4 d6 5. f4 O-O 6. Nf3 c5 7. d5 e6 8. Be2 exd5
9. cxd5 Bg4 10. O-O Nbd7 11. Re1 Re8 12. h3 Bxf3 13. Bxf3 a6 14. a4 Qa5 15. Be3
Rac8 16. g4 Nb6 17. g5 Nfd7 18. Qe2 c4 19. Qf2 Nc5 20. f5 Nbd7 21. Rf1 Nd3 22.
Qd2 N7c5 23. Bxc5 Qxc5+ 24. Kh1 Bd4 25. f6 Be3 26. Qg2 Nf2+ 27. Rxf2 Bxf2 28.
Rf1 Bd4 29. Qg4 Kh8 30. h4 Bxc3 31. bxc3 Qe3 32. h5 Qxc3 33. hxg6 fxg6 34. Qd7
Rg8 35. Rf2 Qa1+ 36. Kg2 Qe5 37. Kf1 c3 38. Bd1 Rcd8 39. Qxb7 Qxg5 40. Qxa6
Rgf8 41. Qb6 Qe5 42. Qc7 Rg8 43. Bg4 Rb8 44. Qe7 Rb1+ 45. Kg2 Rb2 46. Be6 Qxe4+
47. Kg3 Qe3+ 48. Rf3 Qe5+ 49. Rf4 g5 0-1

[Event "CAN/QC op"]
[Site "Montreal CAN"]
[Date "2002.07.18"]
[Round "7"]
[White "Laptos, Kris"]
[Black "Cardin-St-Antoine, Benoit"]
[Result "1-0"]
[WhiteElo "2220"]
[BlackElo "1518"]
[PlyCount "37"]
[EventDate "2002.07.13"]
[EventType "swiss"]
[EventRounds "9"]
[EventCountry "CAN"]

1. Nf3 Nf6 2. d4 d5 3. c4 dxc4 4. e3 e6 5. Bxc4 c5 6. O-O Nbd7 7. Nc3 a6 8. a4
cxd4 9. exd4 Nb6 10. Be2 Be7 11. Bg5 Nbd7 12. Ne5 O-O 13. Re1 Nb6 14. Bf1 Nfd5
15. Nxd5 exd5 16. Bxe7 Qxe7 17. Ng6 Qxe1 18. Qxe1 fxg6 19. Qb4 1-0

[Event "CAN/QC op"]
[Site "Montreal CAN"]
[Date "2002.07.18"]
[Round "7"]
[White "Linskiy, Oleg"]
[Black "Gagnon, Michel"]
[Result "1-0"]
[WhiteElo "2473"]
[BlackElo "2212"]
[PlyCount "77"]
[EventDate "2002.07.13"]
[EventType "swiss"]
[EventRounds "9"]
[EventCountry "CAN"]

1. e4 c5 2. Nc3 d6 3. Nge2 Nf6 4. d4 cxd4 5. Nxd4 a6 6. g3 e6 7. Bg2 Be7 8. O-O
O-O 9. a4 Qc7 10. Be3 Nc6 11. f4 Nxd4 12. Bxd4 e5 13. Be3 exf4 14. gxf4 Be6 15.
Qd2 Rfd8 16. Bh1 d5 17. Nxd5 Nxd5 18. exd5 Bf5 19. Rfc1 a5 20. c4 Bc5 21. Qf2
Rac8 22. Bxc5 Qxc5 23. Qxc5 Rxc5 24. b3 Rd6 25. Re1 g6 26. Re3 Kg7 27. Bf3 Rc7
28. Kg2 b6 29. Rae1 Kf6 30. Kg3 h6 31. Bg4 Bxg4 32. Kxg4 b5 33. axb5 a4 34. Rd1
axb3 35. Rd4 b2 36. Rb3 Re7 37. Kf3 g5 38. Rxb2 Kf5 39. b6 1-0

[Event "CAN/QC op"]
[Site "Montreal CAN"]
[Date "2002.07.18"]
[Round "7"]
[White "Lipnowski, Irwin"]
[Black "Miron, Francois"]
[Result "1-0"]
[WhiteElo "2416"]
[BlackElo "2033"]
[PlyCount "129"]
[EventDate "2002.07.13"]
[EventType "swiss"]
[EventRounds "9"]
[EventCountry "CAN"]

1. c4 f5 2. g3 Nf6 3. Bg2 g6 4. Nc3 Bg7 5. d3 d6 6. e4 O-O 7. Nge2 e5 8. O-O
Qe8 9. Rb1 h6 10. h3 c6 11. Be3 g5 12. exf5 Bxf5 13. Ne4 Qe6 14. Nxf6+ Bxf6 15.
Kh2 Nd7 16. Nc3 Be7 17. Be4 Nf6 18. Bxf5 Qxf5 19. Qb3 Qd7 20. d4 exd4 21. Bxd4
Nh5 22. Qc2 Qe6 23. Rbe1 Qf7 24. Rxe7 Qxe7 25. Qg6+ Ng7 26. Ne4 Rf7 27. Nf6+
Kf8 28. Qxh6 Qe2 29. Kg1 Ke7 30. Bc3 Ne6 31. Re1 Qxe1+ 32. Bxe1 Rxf6 33. Qh7+
Rf7 34. Qd3 Rd8 35. Bb4 c5 36. Bd2 Rg7 37. Qe4 Rd7 38. Qf5 b6 39. Be3 Rd8 40.
Kg2 Rf8 41. Qe4 Rc8 42. h4 gxh4 43. Qxh4+ Kd7 44. Qe4 Re7 45. Bd2 Rf8 46. Qb7+
Nc7 47. Be3 Ra8 48. g4 Rg8 49. Kg3 Reg7 50. g5 Ra8 51. Kg4 Re7 52. Kf3 Rf7+ 53.
Ke4 Rff8 54. Kd3 Rf5 55. Qe4 Re5 56. Qg4+ Kc6 57. f4 Re7 58. f5 Rae8 59. Qf3+
d5 60. Bf4 b5 61. b3 bxc4+ 62. bxc4 Re1 63. f6 Ra1 64. f7 Rd8 65. Bxc7 1-0

[Event "CAN/QC op"]
[Site "Montreal CAN"]
[Date "2002.07.18"]
[Round "7"]
[White "McDonough, Jonathan"]
[Black "Moisan-Plante, Marc-Olivier"]
[Result "1-0"]
[WhiteElo "2003"]
[BlackElo "2118"]
[PlyCount "77"]
[EventDate "2002.07.13"]
[EventType "swiss"]
[EventRounds "9"]
[EventCountry "CAN"]

1. d4 d5 2. c4 e6 3. Nc3 c6 4. cxd5 exd5 5. Bf4 Nf6 6. Nf3 Bf5 7. e3 Qb6 8. Bd3
Qxb2 9. O-O Bxd3 10. Qxd3 Bb4 11. Ne2 Qa3 12. Qf5 Nbd7 13. Ne5 Rd8 14. Rab1 Nb6
15. Ng3 Be7 16. Nh5 O-O 17. Nxg7 Kxg7 18. e4 Qxa2 19. Rbe1 Nc4 20. Nxc4 Qxc4
21. Be5 h6 22. Re3 Rfe8 23. Rg3+ Kf8 24. Qf4 Ng4 25. Rxg4 Bg5 26. Bd6+ Kg7 27.
h4 Rxe4 28. Rxg5+ hxg5 29. Qxg5+ Kh7 30. Qxd8 Qxd4 31. Be7 Rg4 32. Re1 Rf4 33.
Rf1 Rg4 34. Qd6 b5 35. Bg5 c5 36. Re1 Re4 37. Rc1 c4 38. Qh6+ Kg8 39. Bf6 1-0

[Event "CAN/QC op"]
[Site "Montreal CAN"]
[Date "2002.07.18"]
[Round "7"]
[White "Mikanovic, Goran"]
[Black "Feoktistov, Dmitri"]
[Result "1/2-1/2"]
[WhiteElo "2314"]
[BlackElo "2087"]
[PlyCount "86"]
[EventDate "2002.07.13"]
[EventType "swiss"]
[EventRounds "9"]
[EventCountry "CAN"]

1. d4 d5 2. c4 e6 3. Nc3 Nf6 4. Bg5 c6 5. e3 Nbd7 6. Nf3 Be7 7. Rc1 O-O 8. Bd3
h6 9. Bh4 dxc4 10. Bxc4 b5 11. Bd3 a6 12. O-O c5 13. a4 c4 14. Bb1 Nd5 15. Qc2
g6 16. Bxe7 Qxe7 17. axb5 Nxc3 18. bxc3 axb5 19. e4 b4 20. Qd2 b3 21. Qxh6 Qf6
22. e5 Qg7 23. Qh4 Bb7 24. Nd2 Bd5 25. Ne4 Bxe4 26. Bxe4 Ra7 27. f4 Nb6 28. Rb1
Rb8 29. Rf3 Nd5 30. Bxd5 exd5 31. f5 b2 32. fxg6 fxg6 33. Qh3 Ra6 34. e6 Ra1
35. Rff1 Rxb1 36. Rxb1 Qf6 37. Qe3 Qf5 38. Qe1 Kf8 39. h3 Ke7 40. Kh2 Qf4+ 41.
g3 Qf5 42. g4 Qc2+ 43. Kg3 Qd3+ 1/2-1/2

[Event "CAN/QC op"]
[Site "Montreal CAN"]
[Date "2002.07.18"]
[Round "7"]
[White "Sarwer, Jeff"]
[Black "Patterson, Roger"]
[Result "1-0"]
[WhiteElo "2336"]
[BlackElo "2246"]
[PlyCount "79"]
[EventDate "2002.07.13"]
[EventType "swiss"]
[EventRounds "9"]
[EventCountry "CAN"]

1. d4 Nf6 2. c4 e6 3. Nc3 Bb4 4. Qb3 c5 5. e3 Bxc3+ 6. Qxc3 Ne4 7. Qa3 Na6 8.
Bd3 f5 9. dxc5 Naxc5 10. Be2 Qf6 11. Nf3 O-O 12. O-O b6 13. Nd4 e5 14. Nb5 Bb7
15. f3 Nd6 16. Nxd6 Qxd6 17. Rd1 Qe7 18. b4 Ne6 19. Qd3 Rad8 20. Qd6 Qxd6 21.
Rxd6 Ng5 22. a4 Nf7 23. Rd2 d5 24. a5 dxc4 25. axb6 axb6 26. Bxc4 Rxd2 27. Bxd2
Ra8 28. Rb1 Kf8 29. b5 Ke7 30. Bb4+ Nd6 31. Rd1 Rd8 32. Bb3 Bc8 33. Rd5 e4 34.
fxe4 fxe4 35. Rd4 Bb7 36. h4 Ba8 37. g4 Bb7 38. Kg2 h6 39. h5 Bc8 40. Kg3 1-0

[Event "CAN/QC op"]
[Site "Montreal CAN"]
[Date "2002.07.18"]
[Round "7"]
[White "Shah, Omar"]
[Black "Ibrahim, Anthony"]
[Result "0-1"]
[WhiteElo "1995"]
[BlackElo "2183"]
[PlyCount "112"]
[EventDate "2002.07.13"]
[EventType "swiss"]
[EventRounds "9"]
[EventCountry "CAN"]

1. e4 c5 2. Nf3 Nc6 3. d4 cxd4 4. Nxd4 Nf6 5. Nc3 e5 6. Ndb5 d6 7. Bg5 a6 8.
Na3 b5 9. Nd5 Be7 10. Bxf6 Bxf6 11. c3 Bb7 12. Bd3 Nb8 13. Ne3 O-O 14. O-O Nd7
15. Bb1 Nc5 16. Nd5 Bxd5 17. Qxd5 Ne6 18. g3 Qb6 19. Nc2 Bg5 20. h4 Bh6 21. Nb4
a5 22. Nc6 Qc7 23. a4 b4 24. Bd3 bxc3 25. bxc3 Nc5 26. Bb5 Kh8 27. Rad1 Rae8
28. Rb1 Re6 29. Rfd1 g6 30. Qc4 Rc8 31. Rd5 Bf8 32. Nxa5 Qxa5 33. Bd7 Ra8 34.
Bxe6 fxe6 35. Rxc5 Qxc5 36. Qxe6 Qc7 37. Qd5 Ra7 38. Qb3 Kg7 39. c4 Qc5 40. Qb5
Rc7 41. Rc1 Rf7 42. Rf1 Be7 43. Kg2 Bd8 44. Qxc5 dxc5 45. Rd1 Ba5 46. Rd5 Bc3
47. Rxc5 Bd4 48. Rd5 Rxf2+ 49. Kh3 Rc2 50. c5 h5 51. Rd7+ Kh6 52. Rd5 Rxc5 53.
Rxc5 Bxc5 54. a5 Kg7 55. g4 Kf6 56. Kg3 Ke6 0-1

[Event "CAN/QC op"]
[Site "Montreal CAN"]
[Date "2002.07.18"]
[Round "7"]
[White "Tessier, Olivier"]
[Black "Lawson, Eric"]
[Result "1-0"]
[WhiteElo "2021"]
[BlackElo "2282"]
[PlyCount "59"]
[EventDate "2002.07.13"]
[EventType "swiss"]
[EventRounds "9"]
[EventCountry "CAN"]

1. c4 b6 2. Nc3 Bb7 3. Nf3 e6 4. g3 Bxf3 5. exf3 c5 6. d4 cxd4 7. Qxd4 Nc6 8.
Qd3 Rc8 9. f4 Na5 10. b3 Qf6 11. Bb2 Nb7 12. Bg2 Nc5 13. Qe2 Qg6 14. Rd1 a5 15.
O-O Nf6 16. Nb5 Nfe4 17. Rfe1 f5 18. g4 Kd8 19. g5 Rc6 20. Be5 Rg8 21. f3 Nf6
22. gxf6 gxf6 23. Bd4 Bh6 24. Be3 e5 25. Kh1 exf4 26. Bxc5 Rxc5 27. Qe7+ Kc8
28. Qxd7+ Kb8 29. Qa7+ Kc8 30. Qa8# 1-0

[Event "CAN/QC op"]
[Site "Montreal CAN"]
[Date "2002.07.18"]
[Round "7"]
[White "Urquhart, Eddie"]
[Black "Nogueiras, Jesus"]
[Result "1/2-1/2"]
[WhiteElo "2296"]
[BlackElo "2587"]
[PlyCount "47"]
[EventDate "2002.07.13"]
[EventType "swiss"]
[EventRounds "9"]
[EventCountry "CAN"]

1. e4 Nf6 2. Nc3 d5 3. e5 Nfd7 4. f4 e6 5. Nf3 c5 6. d4 Nc6 7. Be3 Be7 8. Be2
O-O 9. O-O f6 10. exf6 Nxf6 11. Ne5 Nxd4 12. Bxd4 cxd4 13. Qxd4 Bd7 14. Kh1 Bc6
15. Bf3 Qd6 16. Rae1 Bd8 17. Qd3 Bc7 18. Nb5 Bxb5 19. Qxb5 a6 20. Qe2 Rae8 21.
g3 b5 22. c3 g6 23. Qd3 Kg7 24. Re2 1/2-1/2

[Event "CAN/QC op"]
[Site "Montreal CAN"]
[Date "2002.07.18"]
[Round "7"]
[White "Vallieres, Mario"]
[Black "Hua, Lefong"]
[Result "0-1"]
[WhiteElo "2024"]
[BlackElo "2307"]
[PlyCount "70"]
[EventDate "2002.07.13"]
[EventType "swiss"]
[EventRounds "9"]
[EventCountry "CAN"]

1. d4 Nf6 2. Nc3 d5 3. Bg5 Nbd7 4. f3 c6 5. e4 dxe4 6. fxe4 Qb6 7. Rb1 e5 8.
Nf3 Bb4 9. Bc4 exd4 10. Bxf6 Nxf6 11. Qxd4 Qxd4 12. Nxd4 Bxc3+ 13. bxc3 Nxe4
14. O-O O-O 15. Rbe1 Nd6 16. Bd3 c5 17. Nf5 Bxf5 18. Bxf5 Rfe8 19. Bg4 Rad8 20.
Bf3 Rxe1 21. Rxe1 Kf8 22. Kf2 b6 23. a4 Nc4 24. Bc6 g6 25. Bb5 Rd2+ 26. Re2
Rxe2+ 27. Kxe2 Nd6 28. Bc6 Ke7 29. Bd5 Kf6 30. c4 Ke5 31. c3 a5 32. g3 f5 33.
Bg8 h6 34. Ke3 g5 35. h3 Ne4 0-1

[Event "CAN/QC op"]
[Site "Montreal CAN"]
[Date "2002.07.18"]
[Round "7.86"]
[White "Strojevs, Alexander"]
[Black "Khudaverdian, Berj"]
[Result "0-1"]
[WhiteElo "1815"]
[BlackElo "1528"]
[PlyCount "116"]
[EventDate "2002.07.13"]
[EventType "swiss"]
[EventRounds "9"]
[EventCountry "CAN"]

1. d4 g6 2. c4 Bg7 3. Nf3 d6 4. e4 Nf6 5. Nc3 O-O 6. Be2 e5 7. O-O Nbd7 8. d5
Nh5 9. Re1 Nf4 10. Bf1 Nc5 11. Rb1 f5 12. Bxf4 exf4 13. e5 dxe5 14. Nxe5 Re8
15. Nf3 Ne4 16. Qc2 Bxc3 17. bxc3 Qf6 18. Nd4 c6 19. f3 Nd6 20. Rxe8+ Nxe8 21.
Re1 Nc7 22. Qe2 Kf7 23. Qe5 Qxe5 24. Rxe5 Kf6 25. Re1 cxd5 26. Nb5 Nxb5 27.
cxb5 Be6 28. h4 Rc8 29. Rc1 h6 30. Kf2 Rc5 31. Ke2 g5 32. hxg5+ hxg5 33. Kd2 g4
34. Be2 Kg5 35. Rh1 Rc7 36. a3 b6 37. Rh8 Bf7 38. Rh7 Kg6 39. Rh4 Kg5 40. Rh7
Rd7 41. Kd3 d4 42. Kd2 dxc3+ 43. Kxc3 Kg6 44. Rh4 Re7 45. Bd3 Kg5 46. Rh7 Kg6
47. Rh4 Kf6 48. Rh6+ Ke5 49. Rh7 Rc7+ 50. Kd2 Rd7 51. Kc3 Be6 52. Rh5 g3 53.
Rh6 Rc7+ 54. Kd2 Bc4 55. Bxc4 Rxc4 56. Rh7 Ra4 57. Re7+ Kf6 58. Re2 Rxa3 0-1

[Event "CAN/QC op"]
[Site "Montreal CAN"]
[Date "2002.07.19"]
[Round "8"]
[White "Ayotte, Jocelyn"]
[Black "Fillion, Steve"]
[Result "1/2-1/2"]
[WhiteElo "1934"]
[BlackElo "2122"]
[PlyCount "61"]
[EventDate "2002.07.13"]
[EventType "swiss"]
[EventRounds "9"]
[EventCountry "CAN"]

1. d4 d5 2. c4 e6 3. Nc3 Nf6 4. Bg5 Nbd7 5. e3 Be7 6. Bd3 O-O 7. Nf3 c5 8. O-O
dxc4 9. Bxc4 a6 10. a4 Re8 11. Qe2 cxd4 12. exd4 Nb6 13. Bb3 Nbd5 14. Rac1 Bd7
15. Ne5 Nxc3 16. Rxc3 Nd5 17. Bxd5 exd5 18. Bxe7 Rxe7 19. Qc2 f6 20. Nxd7 Qxd7
21. h3 Rae8 22. Rc1 Re2 23. Qb3 Re1+ 24. Rxe1 Rxe1+ 25. Kh2 Qd6+ 26. g3 Re7 27.
Rc8+ Kf7 28. Kg2 Rd7 29. a5 Qe6 30. Qf3 g6 31. Qf4 1/2-1/2

[Event "CAN/QC op"]
[Site "Montreal CAN"]
[Date "2002.07.19"]
[Round "8"]
[White "Barsov, Alexei"]
[Black "Bluvshtein, Mark"]
[Result "1-0"]
[WhiteElo "2501"]
[BlackElo "2383"]
[PlyCount "137"]
[EventDate "2002.07.13"]
[EventType "swiss"]
[EventRounds "9"]
[EventCountry "CAN"]

1. d4 d5 2. c4 e6 3. Nc3 c5 4. cxd5 exd5 5. Nf3 Nc6 6. g3 Nf6 7. Bg2 Be7 8. O-O
O-O 9. dxc5 Bxc5 10. a3 a5 11. Bg5 d4 12. Nb5 h6 13. Rc1 Bb6 14. Bf4 Re8 15.
Nd6 Re7 16. Qd3 Nd5 17. Nxc8 Rxc8 18. Bd2 Nf6 19. Nh4 Ne5 20. Rxc8 Qxc8 21. Qb5
Qe6 22. Bxa5 Bxa5 23. Qxa5 Nc4 24. Qd8+ Kh7 25. Qxd4 Rd7 26. Qc3 Qxe2 27. Bf3
Qe6 28. Re1 Qa6 29. Be2 b5 30. a4 Qxa4 31. Bd3+ Kg8 32. Nf5 Qa5 33. Qxa5 Nxa5
34. Bxb5 Rb7 35. Re5 Nb3 36. Bc6 Rc7 37. Rb5 g6 38. Rxb3 gxf5 39. Rb6 Kg7 40.
Ra6 Nd7 41. Bxd7 Rxd7 42. Rb6 Rd4 43. Kg2 h5 44. Kf3 Re4 45. h3 f6 46. b4 Kg6
47. Rb8 Rc4 48. b5 Rb4 49. b6 Kg7 50. b7 Rb3+ 51. Kf4 Rb2 52. Ke3 f4+ 53. gxf4
Rb3+ 54. Ke4 Rb1 55. Kf3 Rb3+ 56. Kg2 Kh7 57. f3 h4 58. Kf2 Kg7 59. Ke2 Kh7 60.
Kd2 Kg7 61. Kc2 Rb6 62. Kd3 Rb3+ 63. Ke4 Rb1 64. Kd5 Rb6 65. Kc5 Rb1 66. Kc6
Rc1+ 67. Kd6 Rb1 68. Ke6 Rb5 69. Rd8 1-0

[Event "CAN/QC op"]
[Site "Montreal CAN"]
[Date "2002.07.19"]
[Round "8"]
[White "Bolduc, Steve"]
[Black "Trahan, Daniel"]
[Result "1-0"]
[WhiteElo "2268"]
[BlackElo "1986"]
[PlyCount "111"]
[EventDate "2002.07.13"]
[EventType "swiss"]
[EventRounds "9"]
[EventCountry "CAN"]

1. d4 g6 2. g3 Bg7 3. Bg2 Nf6 4. Nf3 d6 5. O-O O-O 6. c4 c5 7. d5 e6 8. Nc3
exd5 9. cxd5 Re8 10. Nd2 Na6 11. Nc4 Nc7 12. a4 b6 13. Re1 Ba6 14. Na3 Bb7 15.
e4 Nd7 16. Be3 a6 17. f4 Rb8 18. Bf2 Ba8 19. Qd3 Nf6 20. h3 Qd7 21. Rad1 b5 22.
e5 Nh5 23. exd6 Bxc3 24. Qxc3 Rxe1+ 25. Rxe1 Nxd5 26. Qxc5 Nhf6 27. axb5 axb5
28. Rc1 b4 29. Nc4 Rc8 30. Qd4 Qb5 31. Kh2 Nd7 32. Na3 Qa6 33. Rxc8+ Qxc8 34.
Nc4 N5f6 35. Bxa8 Qxa8 36. Nb6 Qf3 37. Nxd7 Nxd7 38. Kg1 b3 39. h4 h5 40. Kf1
Qc6 41. f5 Qb5+ 42. Kg1 Qxf5 43. Qc3 Qc2 44. Bd4 Qxc3 45. Bxc3 Kf8 46. Kf2 Ke8
47. Ke3 Nb6 48. Kd4 Na4 49. Kc4 Nxc3 50. Kxc3 Kd7 51. Kxb3 Kxd6 52. Kc4 Ke5 53.
b4 f5 54. b5 g5 55. b6 gxh4 56. b7 1-0